00706nam a2200241Ia 4500003000900000008004100009040001300050040001300063041000800076100002000084245002600104250001100130260001000141260000900151300001100160300001000171490002500181490000700206600002900213942000700242999001700249952019800266IT-RoPAU120407s9999 xx 000 0 und d aIT-RoPAU cIT-RoPAU aita aAngelo Marchese aMarxisti e cristiani. aTorino aBorla c1966 a154 p. c21 cm aLe idee e la vita II v12 a1. Marxismo e religione. cBK c26200d26200 00102ddc406208_52000000000000071aPAULUSbPAULUSd2012-04-11l0o208.52r2012-04-11 00:00:00w2012-04-11yBKzInserito da: Jole In data: 12 settembre 2011 fondo: Via A.Severo 56 Progr:25934